Motorcoach run-off-the-road accident, Tallulah, Louisiana, October 13, 2003 /

Bibliographic Details
Corporate Author: United States. National Transportation Safety Board
Format: Government Document Book
Language:English
Published: Washington, D.C. : [Springfield, Va.] : National Transportation Safety Board ; [Available through the National Technical Information Service], [2005]
Series:Highway accident report ; NTSB/HAR-05/01.
Subjects:
Online Access:https://purl.fdlp.gov/GPO/LPS106305

MARC

Tag First Indicator Second Indicator Subfields
LEADER 00000cam a2200000Ka 4500
001 in00002444708
005 20211202190346.0
006 m d f
008 081210s2005 dcu s f000 0 eng d
035 |a (OCoLC)ocn277462083 
037 |a PB2005-916201  |b NTIS 
040 |a GPO  |c GPO  |d MvI  |d UtOrBLW 
049 |a WWW 
074 |a 0982-I-20 (online) 
086 0 |a TD 1.117:05/01 
110 1 |a United States.  |b National Transportation Safety Board. 
245 1 0 |a Motorcoach run-off-the-road accident, Tallulah, Louisiana, October 13, 2003 /  |c National Transportation Safety Board. 
264 1 |a Washington, D.C. :  |b National Transportation Safety Board ;  |a [Springfield, Va.] :  |b [Available through the National Technical Information Service],  |c [2005] 
300 |a vi, 91 pages :  |b digital, PDF file. 
336 |a text  |b txt  |2 rdacontent 
337 |a computer  |b c  |2 rdamedia 
338 |a unspecified  |b zu  |2 rdacarrier 
490 1 |a Highway accident report ;  |v NTSB/HAR-05/01 
538 |a Mode of access: Internet from the NTSB web site. Address as of 12/09/08: http://www.ntsb.gov/publictn/2005/HAR0501.pdf ; current access is available via PURL. 
500 |a Title from title screen (viewed Dec. 9, 2008). 
500 |a "Adopted April 19, 2005." 
500 |a Electronic resource. 
650 0 |a Bus accidents  |z Louisiana  |z Madison Parish. 
650 0 |a Traffic accidents  |z Louisiana  |z Madison Parish. 
830 0 |a Highway accident report ;  |v NTSB/HAR-05/01. 
856 4 0 |u https://purl.fdlp.gov/GPO/LPS106305  |t 0 
999 |a MARS 
999 f f |s 08dd1f2f-17fc-3d89-bcc3-b5f409f10461  |i dcc49a61-938a-3332-bdb0-a604897de3ee  |t 0 
952 f f |a Texas A&M University  |b College Station  |c Electronic Resources  |d Available Online  |t 0  |e TD 1.117:05/01  |h Superintendent of Documents classification 
998 f f |a TD 1.117:05/01  |t 0  |l Available Online